| 000 -LEADER |
| fixed length control field |
01808cam a22003854a 4500 |
| 001 - CONTROL NUMBER |
| control field |
13850040 |
| 005 - DATE AND TIME OF LATEST TRANSACTION |
| control field |
20170121113704.0 |
| 008 - FIXED-LENGTH DATA ELEMENTS--GENERAL INFORMATION |
| fixed length control field |
050125s2005 nyua b 000 0 eng |
| 010 ## - LIBRARY OF CONGRESS CONTROL NUMBER |
| LC control number |
2005002264 |
| 015 ## - NATIONAL BIBLIOGRAPHY NUMBER |
| National bibliography number |
GBA546725 |
| Source |
bnb |
| 016 7# - NATIONAL BIBLIOGRAPHIC AGENCY CONTROL NUMBER |
| Record control number |
013210869 |
| Source |
Uk |
| 020 ## - INTERNATIONAL STANDARD BOOK NUMBER |
| International Standard Book Number |
1568985452 (alk. paper) |
| 035 ## - SYSTEM CONTROL NUMBER |
| System control number |
(OCoLC)ocm57514739 |
| 040 ## - CATALOGING SOURCE |
| Original cataloging agency |
DLC |
| Transcribing agency |
DLC |
| Modifying agency |
YDX |
| -- |
UKM |
| -- |
BAKER |
| -- |
IXA |
| -- |
MUQ |
| -- |
UBY |
| -- |
YUS |
| -- |
DLC |
| 042 ## - AUTHENTICATION CODE |
| Authentication code |
pcc |
| 043 ## - GEOGRAPHIC AREA CODE |
| Geographic area code |
n-us-ny |
| 050 00 - LIBRARY OF CONGRESS CALL NUMBER |
| Classification number |
NA6232 |
| Item number |
.N37 2005 |
| 100 1# - MAIN ENTRY--PERSONAL NAME |
| Personal name |
Nash, Eric Peter. |
| 245 10 - TITLE STATEMENT |
| Title |
Manhattan skyscrapers / |
| Statement of responsibility, etc. |
Eric P. Nash ; photographs by Norman McGrath ; introduction by Carol Willis. |
| 250 ## - EDITION STATEMENT |
| Edition statement |
Rev. and expanded ed. |
| 260 ## - PUBLICATION, DISTRIBUTION, ETC. (IMPRINT) |
| Place of publication, distribution, etc. |
New York : |
| Name of publisher, distributor, etc. |
Princeton Architectural Press, |
| Date of publication, distribution, etc. |
c2005. |
| 300 ## - PHYSICAL DESCRIPTION |
| Extent |
xi, 197 p. : |
| Other physical details |
chiefly col. ill. ; |
| Dimensions |
32 cm. |
| 504 ## - BIBLIOGRAPHY, ETC. NOTE |
| Bibliography, etc |
Includes bibliographical references (p. 193). |
| 650 #0 - SUBJECT ADDED ENTRY--TOPICAL TERM |
| Topical term or geographic name as entry element |
Skyscrapers |
| Geographic subdivision |
New York (State) |
| -- |
New York. |
| 650 #0 - SUBJECT ADDED ENTRY--TOPICAL TERM |
| Topical term or geographic name as entry element |
Architecture |
| Geographic subdivision |
New York (State) |
| -- |
New York |
| General subdivision |
History |
| Chronological subdivision |
20th century. |
| 651 #0 - SUBJECT ADDED ENTRY--GEOGRAPHIC NAME |
| Geographic name |
Manhattan (New York, N.Y.) |
| General subdivision |
Buildings, structures, etc. |
| 700 1# - ADDED ENTRY--PERSONAL NAME |
| Personal name |
McGrath, Norman. |
| 856 41 - ELECTRONIC LOCATION AND ACCESS |
| Materials specified |
Table of contents |
| Uniform Resource Identifier |
<a href="http://www.loc.gov/catdir/toc/ecip057/2005002264.html">http://www.loc.gov/catdir/toc/ecip057/2005002264.html</a> |
| 856 42 - ELECTRONIC LOCATION AND ACCESS |
| Materials specified |
Publisher description |
| Uniform Resource Identifier |
<a href="http://www.loc.gov/catdir/enhancements/fy0722/2005002264-d.html">http://www.loc.gov/catdir/enhancements/fy0722/2005002264-d.html</a> |
| 856 42 - ELECTRONIC LOCATION AND ACCESS |
| Materials specified |
Contributor biographical information |
| Uniform Resource Identifier |
<a href="http://www.loc.gov/catdir/enhancements/fy0738/2005002264-b.html">http://www.loc.gov/catdir/enhancements/fy0738/2005002264-b.html</a> |
| 906 ## - LOCAL DATA ELEMENT F, LDF (RLIN) |
| a |
7 |
| b |
cbc |
| c |
orignew |
| d |
1 |
| e |
ecip |
| f |
20 |
| g |
y-gencatlg |
| 942 ## - ADDED ENTRY ELEMENTS (KOHA) |
| Source of classification or shelving scheme |
|
| Koha item type |
Hard Covered Materials |
| Classification part |
NA 6232 .N37 2005 |